| 000 | 00488 a2200169 4500 | ||
|---|---|---|---|
| 999 |
_c30250 _d30250 |
||
| 003 | NUST | ||
| 005 | 20180118115112.0 | ||
| 008 | 180118b xxu||||| |||| 00| 0 eng d | ||
| 020 | _a0125309902 | ||
| 020 | _a9780125309905 | ||
| 082 | _a541.369 | ||
| 100 | 1 |
_aOtt, J. Bevan. _98644 |
|
| 245 | 1 | 0 |
_aChemical thermodynamics : _bprinciples and applications / _cJ. Bevan Ott, Juliana Boerio-Goates. |
| 250 | _a1st ed. | ||
| 260 |
_a[S.l.] : _bAcademic Press, _c2000. |
||
| 300 |
_a664 p. ; _c25 cm. |
||
| 700 | 1 |
_aBoerio-Goates, Juliana. _98645 |
|
| 942 |
_aSNS _cBK _k541.369 OTT _2ddc |
||